Biodiversity mystery theatre (Registro nro. 4095)

Detalles MARC
000 -CABECERA
Campo de control 00652nam a2200217 a 4500
005 - FECHA Y HORA DE LA ULTIMA TRANSACCION
Campo de control 20180803165144.0
008 - ELEMENTOS DE LONGITUD FIJA—INFORMACION GENERAL
Campo de control 140313b2003 wau||||gr|||| 00| 0 eng d
040 ## - FUENTE DE CATALOGACIÓN
Agencia catalogadora original CO-BoIAVH
Agencia transcriptora CO-BoIAVH
041 ## - IDIOMA
Código de idioma para texto/pista de sonido o título separado Inglés
044 ## - PAÍS DE PUBLICACIÓN
País de publicación Estados Unidos
082 04 - NUMERO DE CLASIFICACION DECIMAL DEWEY
Número de clasificación 333.9516079
Número del ítem M14b
100 1# - ASIENTO PRINCIPAL--NOMBRE PERSONAL
Nombre personal McGown, Jay
9 (RLIN) 21441
245 1# - MENCION DE TITULO
Título Biodiversity mystery theatre
Parte restante del título drawn from the files of the United states patent and trademark office
260 ## - PUBLICACION, DISTRIBUCION, ETC. (PIE DE IMPRENTA)
Lugar de publicación, distribución, etc. Washington
Nombre del editor, distribuidor, etc. Edmonds Institute
Fecha de publicación, distribución, etc. 2003
300 ## - DESCRIPCION FISICA
Extensión 38 paginas
Dimensiones 21 x 15 cm.
650 #4 - ASIENTO SECUNDARIO DE MATERIA - TERMINO TEMATICO
Término temático o nombre geográfico como elemento de entrada Biodiversidad
9 (RLIN) 92204
650 #4 - ASIENTO SECUNDARIO DE MATERIA - TERMINO TEMATICO
Término temático o nombre geográfico como elemento de entrada Patentes
9 (RLIN) 59202
700 1# - ASIENTO SECUNDARIO - NOMBRE PERSONAL
Nombre personal Morris, Freida
9 (RLIN) 21442
942 ## - ELEMENTOS ADICIONALES (KOHA)
Tipo de ítem Libro
Sistema de clasificación Dewey Decimal Classification
945 ## - PROCESAMIENTO LOCAL
AAAA-MM-DD - Fecha de ingreso o modificacion 2004-08-19

No hay ítems disponibles.